Mzah pary / (Record no. 524166)
[ view plain ]
| 000 -LEADER | |
|---|---|
| fixed length control field | 00440nam a22001697a 4500 |
| 003 - CONTROL NUMBER IDENTIFIER | |
| control field | NUST |
| 038 ## - RECORD CONTENT LICENSOR | |
| Staff Name | abdul basit |
| 082 ## - DEWEY DECIMAL CLASSIFICATION NUMBER | |
| Classification number | 891.437 |
| Author Mark | QAD |
| 100 ## - MAIN ENTRY--PERSONAL NAME | |
| Personal name | Qadeer, Asif riaz |
| 9 (RLIN) | 14988 |
| 245 ## - TITLE STATEMENT | |
| Title | Mzah pary / |
| Statement of responsibility, etc. | Asif riaz Qadeer |
| 260 ## - PUBLICATION, DISTRIBUTION, ETC. | |
| Place of publication, distribution, etc. | Islamabad : |
| Name of publisher, distributor, etc. | Idara rodad, |
| Date of publication, distribution, etc. | 2010. |
| 300 ## - PHYSICAL DESCRIPTION | |
| Extent | 356 p. ; |
| 500 ## - GENERAL NOTE | |
| General note | Hardcover. |
| 880 ## - ALTERNATE GRAPHIC REPRESENTATION | |
| Linkage | 100-02\r |
| Title | آصف ریاض قدیر |
| 880 ## - ALTERNATE GRAPHIC REPRESENTATION | |
| Linkage | 245-02\r |
| Title | مزاح پارے / |
| 942 ## - ADDED ENTRY ELEMENTS (KOHA) | |
| Source of classification or shelving scheme | |
| Koha item type | Book |
| Withdrawn status | Lost status | Source of classification or shelving scheme | Damaged status | Not for loan | Permanent Location | Current Location | Date acquired | Total Checkouts | Total Renewals | Full call number | Barcode | Date last seen | Date last checked out | Price effective from | Koha item type |
|---|---|---|---|---|---|---|---|---|---|---|---|---|---|---|---|
| Central Library (CL) | Central Library (CL) | 06/18/2019 | 2 | 1 | 891.437 QAD | CL-E-1567 | 09/18/2024 | 02/18/2024 | 06/18/2019 | Book |
